000 00796nam a22002292 4500
001 0000002311
005 20151217151848.0
008 070410s xx 000 0 eng d
040 _aKABU
_cKABU
050 0 _aHF5691
_b.F857 1994
245 1 0 _aFundamentals of quantitative business methods /
_cGordon D. Pritchett [sic] ... [et al.]
260 _aNew York :
_bMcGraw-Hill,
_cc1994.
300 _a598 p.
650 0 _aBusiness mathematics.
_@0000148324
700 1 _aPritchett, Gordon D.
_@0000151641
908 _a070410
950 _@1
999 _c5779
_d5779